How to Lie with Statistics /

保存先:
書誌詳細
第一著者: Huff, Darrell (autor)
その他の著者: Calman, Mel (ilustración) (ilustración)
フォーマット: 図書
言語:英語
出版事項: Harmondsworth, Inglaterra : Pelican, 1954, c1954
タグ: タグ追加
タグなし, このレコードへの初めてのタグを付けませんか!

MARC

LEADER 00000nam^a2200000^a^4500
001 000621654
005 20260220000000.0
009 20260310133903.746
020 |a 0-14-02-1300-7 
037 |a Acervo ITESO - Biblioteca 
041 |a ING 
091 |a FOB. 01778 
100 |a Huff, Darrell  |e (autor) 
245 1 0 |a How to Lie with Statistics / 
264 4 |a Harmondsworth, Inglaterra :  |b Pelican,  |c 1954, c1954 
300 |a 124 p. 
336 |a texto  |b txt  |2 rdacontenido 
337 |a sin mediación  |b n  |2 rdamedio 
338 |a volumen  |b nc  |2 rdasoporte 
649 |a XX 
700 |a Calman, Mel  |e (ilustración) 
910 |a Fondo Carlos de Obeso Orendain 
920 |a Impresos - Libros 
930 |a Fondos Especiales 
905 |a 147 
901 |a 622067-10  |b IT2  |c ESP  |i D  |u 20250924 
902 |a https://opac.biblio.iteso.mx/vufind/Record/000621654